000 00740nam a2200205 4500
999 _c165380
_d165380
005 20230303163707.0
010 _aENG-125621
020 _a9789351711875
_c3100.00
035 _aEN-109153
037 _bDBAD/PUB
082 _a934
100 _aNaorem Ambravati Devi
245 _aNeolithic culture of North East India :
_cby Naorem Ambravati Devi [and] Manoj Kumar Singh
_b(with special reference ot Manipur /
260 _aNew Delhi
_bResearch India Press
_c2019
270 _aE-6/34, Sangam Vihar
_bNew Delhi
_e110062
_k011-26047013, 9818085794
_m011-26047013
300 _axviii,187p;
_c29cm(Hb)
_bill.
500 _aIncludes bibliographical references
700 _aManoj Kumar Singh
942 _2ddc
_cEN
_h934
_mNAO